Chiken soup to inspire a woman's soul: (Record no. 153942)
[ view plain ]
| 000 -LEADER | |
|---|---|
| fixed length control field | 00749nam a22001937a 4500 |
| 005 - DATE AND TIME OF LATEST TRANSACTION | |
| control field | 20180712183949.0 |
| 010 ## - LCCN (DPL NO) | |
| LC control number | B-168212 |
| 020 ## - INTERNATIONAL STANDARD BOOK NUMBER | |
| International Standard Book Number | 8187671394 |
| Terms of availability | 250.00 |
| 035 ## - SYSTEM CONTROL NUMBER | |
| System control number | B-168212 |
| 037 ## - SOURCE OF ACQUISITION | |
| Source of stock number/acquisition | Westland books pvt. ltd. |
| 082 ## - DEWEY DECIMAL CLASSIFICATION NUMBER | |
| Classification number | S |
| 100 ## - MAIN ENTRY--PERSONAL NAME | |
| Personal name | Canfield, Jack |
| 245 ## - TITLE STATEMENT | |
| Title | Chiken soup to inspire a woman's soul: |
| Remainder of title | stories celebration the wisdom, fun and freedom of midlife |
| Statement of responsibility, etc | jack canfield, Mark Victor Handen[and] Stephanie Maston |
| 260 ## - PUBLICATION, DISTRIBUTION, ETC. (IMPRINT) | |
| Place of publication, distribution, etc | Chennai |
| Name of publisher, distributor, etc | Westland books pvt. ltd. |
| Date of publication, distribution, etc | 2004 |
| 270 ## - ADDRESS | |
| Address | 571, P.H. Road, Aminikarai, Chennai-600029 |
| City | Chennai |
| Postal code | 600029 |
| 300 ## - PHYSICAL DESCRIPTION | |
| Extent | 350p. |
| Dimensions | 22cm()pb |
| 942 ## - ADDED ENTRY ELEMENTS (KOHA) | |
| Source of classification or shelving scheme | Dewey Decimal Classification |
| Item type | English Books |
| Classification part | S |
| Call number suffix | CAN |
| Withdrawn status | Lost status | Not for loan | Collection code | Home library | Current library | Date acquired | Full call number | Barcode | Koha item type |
|---|---|---|---|---|---|---|---|---|---|
| Fiction | Sarojini Nagar | Sarojini Nagar | 12/07/2018 | S CAN | B-168212 | English Books |
